Uganda : a modern history /

Bibliographic Details
Main Author: Jørgensen, Jan Jelmert
Format: Book
Language:English
Published: New York : St. Martin's Press, 1981.
Subjects:

MARC

Tag First Indicator Second Indicator Subfields
LEADER 00000pam a2200000 a 4500
001 in00000083453
005 20151008061301.0
008 810121s1981 nyua b 00110 eng
010 |a  81000528  
020 |a 0312827865 :  |c $27.50 
035 |a (OCoLC)07249309 
035 |9 AAJ7727AM 
039 0 |a 2  |b 3  |c 3  |d 3  |e 3 
040 |a DLC  |c DLC  |d TXA  |d UtOrBLW 
043 |a f-ug--- 
049 |a TXAM  |c [1196805] 
050 0 0 |a HC870  |b .J67 1981 
082 0 |a 330.9676/1  |2 19 
100 1 |a Jørgensen, Jan Jelmert. 
245 1 0 |a Uganda :  |b a modern history /  |c Jan Jelmert Jrgensen. 
264 1 |a New York :  |b St. Martin's Press,  |c 1981. 
300 |a 381 pages :  |b illustrations ;  |c 23 cm. 
336 |a text  |b txt  |2 rdacontent 
337 |a unmediated  |b n  |2 rdamedia 
338 |a volume  |b nc  |2 rdacarrier 
500 |a Includes index. 
504 |a Bibliography: pages 355-370. 
651 0 |a Uganda  |x Economic conditions. 
651 0 |a Uganda  |x Politics and government. 
651 0 |a Uganda  |x Colonial influence. 
999 |a MARS 
999 f f |s b2815379-44fa-3976-a556-1e8554ee4c45  |i de19933c-f5e0-38ee-a623-67571560e3b6  |t 0 
952 f f |p normal  |a Texas A&M University  |b College Station  |c Sterling C. Evans Library  |d Evans: Library Stacks  |t 0  |e HC870 .J67 1981  |h Library of Congress classification  |i unmediated -- volume  |m A14806123219 
998 f f |a HC870 .J67 1981  |t 0  |l Evans: Library Stacks